Problemas de legitimación en el capitalismo tardío / Jürgen Habermas

Bewaard in:
Bibliografische gegevens
Hoofdauteur: Habermas, Jürgen
Formaat: Boek
Taal:Undetermined
Gepubliceerd in: Madrid, España Cátedra 1999
Onderwerpen:
Tags: Voeg label toe
Geen labels, Wees de eerste die dit record labelt!

MARC

LEADER 00000nam a2200000Ia 4500
008 170316s9999 xx 000 0 und d
090 |a 100 H-1.1p 
100 |a Habermas, Jürgen 
245 |a Problemas de legitimación en el capitalismo tardío / Jürgen Habermas 
260 |a Madrid, España 
260 |b Cátedra 
260 |c 1999 
300 |a 237 páginas 
650 |a FILOSOFÍA 
650 |a TEORÍA DE LA EVOLUCIÓN SOCIAL 
650 |a CRISIS 
650 |a CIENCIAS SOCIALES 
650 |a CAPATALISMO TARDÍO 
650 |a LÓGICA DE LOS PROBLEMAS DE LEGITIMACIÓN 
999 |c 16401  |d 16401 
040 |a cru BVZT 
942 |c 15 D  |h 100 H-1.1p  |2 z